|
|
|
|
| LEADER |
00000cam a2200000 a 4500 |
| 001 |
vtls009464518 |
| 003 |
SK-MaSNL |
| 005 |
20260301082014.0 |
| 008 |
240315s2008 xo o f 001 0 slo |
| 020 |
|
|
|a 9788089144990
|q (viaz.)
|
| 035 |
|
|
|a D94637EB-D4BB-4987-8E34-C11CA875FB6E
|
| 035 |
|
|
|a urn:nbn:sk:snk-aml65x
|
| 035 |
|
|
|a urn:nbn:sk:snk-am008uwv
|
| 040 |
|
|
|a SNK
|b slo
|c SNK
|e AACR2
|
| 041 |
1 |
|
|a slo
|h eng
|
| 044 |
|
|
|a xo
|c SK
|
| 072 |
|
7 |
|a 343.9
|x Kriminalistika
|2 konspekt
|
| 080 |
|
|
|a 343.9
|2 2001
|
| 080 |
|
|
|a 343.983
|2 2001
|
| 080 |
|
|
|a (0.062)
|2 2001
|
| 100 |
1 |
|
|a Erzinçlioglu, Zakaria,
|d 1951-2002
|4 aut
|9 406214
|
| 240 |
1 |
4 |
|a The illustrated guide to forensics true crime scene investigations
|l Slovensky
|
| 245 |
1 |
0 |
|a Forenzná kriminalistika
|b od stopy zločinu po súdny dôkaz : ilustrovaný sprievodca
|c Zakaria Erzinçlioglu ; [z anglického originálu preložil Jozef Genzor]
|
| 250 |
|
|
|a 1. vyd.
|
| 260 |
|
|
|a Bratislava
|b Fortuna Libri
|c 2008
|
| 300 |
|
|
|a 192 s.
|b fotogr.
|c 29 cm
|
| 650 |
0 |
7 |
|a kriminalistika
|2 SNKPH
|9 1688
|
| 650 |
0 |
7 |
|a forenzné vedy
|2 SNKPH
|9 2631
|
| 650 |
0 |
7 |
|a Criminal investigation
|2 SNKPHeng
|9 275189
|
| 650 |
0 |
7 |
|a Forensic sciences
|2 SNKPHeng
|9 198871
|
| 655 |
|
7 |
|a populárno-náučné publikácie
|2 SNKPH
|9 70460
|
| 655 |
|
7 |
|a Popular works
|2 SNKPHeng
|9 90287
|
| 700 |
1 |
|
|a Genzor, Jozef,
|d 1939-2019
|4 trl
|9 100096
|
| 852 |
|
|
|a Štátna vedecká knižnica v Banskej Bystrici
|
| 919 |
|
|
|a 978-80-89144-99-0
|
| 999 |
|
|
|c 657413
|d 659343
|
| 952 |
|
|
|a SNK
|b SNK
|y PREZ
|7 0
|p 17A1122882
|o snkSB 77402
|i snk2015/13115
|8 3
|g 7.30
|0 0
|1 0
|4 0
|d 2015-04-20
|f 1
|l 0
|r 2025-04-28 00:00:00
|w 2026-02-23
|
| 952 |
|
|
|a SNK
|b SNK
|y VYP
|7 0
|p 17A1122883
|o snkSB 77402 D1
|i snk2015/13117
|8 3
|g 7.30
|0 0
|1 0
|4 0
|d 2015-04-20
|l 0
|r 2026-02-23 18:42:28
|w 2026-02-23
|
| 952 |
|
|
|t snkFOR 343.98
|a SNKUST
|b SNKUST
|y PREZ
|7 0
|p 17A0570852
|o snkSB 77402 D2
|i snk2009/3623
|8 3
|g 25.00
|0 0
|1 0
|4 0
|d 2009-02-25
|l 0
|r 2025-05-29 00:00:00
|w 2026-02-23
|